Harry Potter Middle Names - Statistics

General Stats
  • This quiz has been taken 60 times
  • The average score is 13 of 20
Answer Stats
First Last Middle % Correct
Harry Potter James
100%
Tom Riddle Marvolo
89%
Hermione Granger Jean
88%
Ronald Weasley Bilius
84%
Albus Potter Severus
82%
Albus Dumbledore Percival Wulfric Brian
80%
Ginevra Weasley Molly
79%
James Potter Sirius
75%
William Weasley Arthur
73%
Phineas Black Nigellus
73%
Dolores Umbridge Jane
71%
Edward Lupin Remus
68%
Lily Potter Luna
66%
Regulus Black Arcturus
63%
Amelia Bones Susan
61%
Remus Lupin John
59%
Fleur Delacour Isabelle
41%
Cornelius Fudge Oswald
32%
Percy Weasley Ignatus
25%
Newton Scamander Artemis Fido
13%
No matching quizzes found
Score Distribution
Percent of People with Each Score
Percentile by Number Answered
Your Score History
You have not taken this quiz